Sam vishenth pavl sabha Anjelore Manglur: 1971-2002 (Record no. 215627)
[ view plain ]
| 000 -LEADER | |
|---|---|
| fixed length control field | 00544nam a2200157Ia 4500 |
| 008 - FIXED-LENGTH DATA ELEMENTS--GENERAL INFORMATION | |
| fixed length control field | 210719s2002 xx 000 0 und d |
| 041 ## - LANGUAGE CODE | |
| Language code of text/sound track or separate title | kok |
| 082 ## - DEWEY DECIMAL CLASSIFICATION NUMBER | |
| Classification number | 891.468 SAMS |
| 100 ## - MAIN ENTRY--PERSONAL NAME | |
| Personal name | SAM VISHENTH PAVL SABHA |
| 245 ## - TITLE STATEMENT | |
| Title | Sam vishenth pavl sabha Anjelore Manglur: 1971-2002 |
| 260 ## - PUBLICATION, DISTRIBUTION, ETC. | |
| Place of publication, distribution, etc. | Mangaluru |
| Date of publication, distribution, etc. | 2002 |
| 300 ## - PHYSICAL DESCRIPTION | |
| Extent | 66 |
| Other physical details | PB |
| 650 ## - SUBJECT ADDED ENTRY--TOPICAL TERM | |
| Topical term or geographic name entry element | Konkani Literature |
| 650 ## - SUBJECT ADDED ENTRY--TOPICAL TERM | |
| Topical term or geographic name entry element | Konkani Miscellaneous |
| 906 ## - LOCAL DATA ELEMENT F, LDF (RLIN) | |
| a | 1971-2002 ; Angelore ; Anjelore ; Manglur: ; pavl ; sabha ; Sam ; St Vincent De Paul Society, Guardian Angels Conference ; vishenth |
| Withdrawn status | Lost status | Damaged status | Not for loan | Collection code | Home library | Current library | Date acquired | Total Checkouts | Full call number | Barcode | Date last seen | Price effective from | Koha item type |
|---|---|---|---|---|---|---|---|---|---|---|---|---|---|
| St Aloysius Library | St Aloysius Library | 03/02/2016 | 891.468 SAMS | D04261 | 07/19/2021 | 07/19/2021 | Donated Books |